00409nam a2200157Ia 4500003000400000008004100004040001600045082001300061100002100074245005100095260003400146300001000180490002400190650001500214650002200229GCL140319s9999 xx 000 0 eng d aGCL / cGCL04a843bC M1 aCLEZIO, J. M. G.10aMONDO ET AUTRES HISTOIRES / cCLEZIO, J. M. G. a[S.N] : bGALLIMARD ، c1995 a310 P aCOLLECTION FOLIOv004aLITERATURE04aFRENCH LITERATURE